000 00333nam a22001217a 4500
008 160422b xxu||||| |||| 00| 0 eng d
020 _a9780721646688
020 _a072164669
041 _aeng
080 _a618.2
245 _aPolicy and politicis for nursing;
_cDiana J. Mason ; Susan W. Talbott; Judith K. Leavitt;
942 _2udc
_cBK
999 _c1525
_d1525